[Event "Lichtenberger Sommer 2019"]
[Site "Berlin"]
[Date "2019.08.17"]
[Round "1.82"]
[White "Koppe, Cordelia"]
[Black "Karyah, Thomas"]
[Result "0-1"]
[WhiteElo "1436"]
[BlackElo "1870"]
[PlyCount "116"]
[EventDate "2019.??.??"]
[WhiteTeam "SV Rüdersdorf"]
[BlackTeam "SC Zugzwang 95 (Berlin)"]

1. d4 Nf6 2. c4 g6 3. Nc3 Bg7 4. e4 d6 5. Be2 O-O 6. Nf3 b6 7. O-O Bb7 8. d5
Nbd7 9. Qc2 c6 10. Bd2 Rc8 11. Rab1 cxd5 12. cxd5 Ne5 13. Bd3 e6 14. dxe6 fxe6
15. Bg5 Nxd3 16. Qxd3 Qd7 17. Rfe1 Ng4 18. h3 Ne5 19. Nxe5 Bxe5 20. Bh6 Rf7 21.
Ne2 Qa4 22. f4 Bxe4 23. Qe3 Bxb1 24. fxe5 Qe4 25. Qxe4 Bxe4 26. exd6 Bd5 27.
Bg5 Rd7 28. Be7 Rc6 29. Nd4 Rcxd6 30. Bxd6 Rxd6 31. a3 Bxg2 32. Nb5 Rd2 33.
Nxa7 Bxh3 34. b4 Ra2 35. Re3 Bf5 36. Nc8 h5 37. Nxb6 h4 38. Nc8 Kg7 39. Nd6 Bc2
40. b5 Kf6 41. b6 Rb2 42. Nc8 e5 43. Rc3 Ba4 44. Rc7 h3 45. Rh7 Rg2+ 46. Kh1
Bc6 47. Rxh3 Kg5 48. Rc3 Rc2+ 49. Kg1 Rxc3 50. Nd6 Rxa3 51. Nf7+ Kf4 52. Nd8
Kg3 53. Kf1 Bg2+ 54. Ke1 Rb3 55. b7 Bxb7 56. Nxb7 Rxb7 57. Ke2 Rb3 58. Kd2 Kf3
0-1

[Event "Lichtenberger Sommer 2019"]
[Site "Berlin"]
[Date "2019.08.17"]
[Round "1.83"]
[White "Grassi, Fabrizio"]
[Black "Eichstädt, Torsten"]
[Result "1-0"]
[WhiteElo "1861"]
[BlackElo "1401"]
[PlyCount "51"]
[EventDate "2019.??.??"]
[WhiteTeam "SV Berlin-Friedrichstadt"]
[BlackTeam "SG NARVA Berlin"]

1. d4 d5 2. Bf4 Nf6 3. e3 c6 4. Nf3 Bf5 5. c4 e6 6. Nc3 Bb4 7. Qb3 Bxc3+ 8.
bxc3 dxc4 9. Qxb7 Nbd7 10. Bxc4 O-O 11. O-O Nb6 12. Ba6 Qd5 13. Ne5 c5 14. c4
Qxb7 15. Bxb7 Rab8 16. Ba6 Nbd7 17. Nxd7 Nxd7 18. Bxb8 Rxb8 19. Bb5 e5 20. Bxd7
Bxd7 21. Rab1 Rc8 22. dxe5 Be6 23. Rfc1 g5 24. Rb7 a6 25. Rb6 Rd8 26. h3 1-0

[Event "Lichtenberger Sommer 2019"]
[Site "Berlin"]
[Date "2019.08.17"]
[Round "1.84"]
[White "Toth, Hans-Jürgen"]
[Black "Stein, Siegfried"]
[Result "0-1"]
[WhiteElo "1401"]
[BlackElo "1852"]
[PlyCount "52"]
[EventDate "2019.??.??"]
[WhiteTeam "SF Zehdenick"]
[BlackTeam "SV Berolina Mitte"]

1. f4 d5 2. Nf3 Nf6 3. b3 c6 4. Bb2 Bg4 5. Ne5 h5 6. h3 Bf5 7. g3 Ne4 8. Rg1
Nd7 9. e3 e6 10. d3 Qa5+ 11. Nd2 Nc3 12. Bxc3 Qxc3 13. Nxd7 Kxd7 14. Rc1 Bc5
15. Ke2 Rad8 16. Nb1 Qb2 17. a4 Bd6 18. Qd2 e5 19. Qc3 Qxc1 20. Nd2 Rhe8 21. g4
hxg4 22. hxg4 exf4 23. gxf5 Rxe3+ 24. Kf2 Qe1+ 25. Kg2 Qg3+ 26. Kh1 Rh8+ 0-1

[Event "Lichtenberger Sommer 2019"]
[Site "Berlin"]
[Date "2019.08.17"]
[Round "1.85"]
[White "Kievelitz, Bernd"]
[Black "Geiß, Anne"]
[Result "1-0"]
[WhiteElo "1850"]
[BlackElo "1393"]
[PlyCount "73"]
[EventDate "2019.??.??"]
[WhiteTeam "SC Zitadelle Spandau"]
[BlackTeam "Schachpinguine Berlin"]

1. Nf3 Nf6 2. c4 b6 3. g3 Bb7 4. Bg2 e6 5. O-O Be7 6. d4 O-O 7. Nc3 d5 8. cxd5
exd5 9. Qc2 Nbd7 10. Rd1 Ne4 11. Nxe4 dxe4 12. Ne5 Nf6 13. Bg5 Qd5 14. Bxf6
Bxf6 15. Ng4 Bd8 16. Ne3 Qc6 17. Qb3 Qg6 18. d5 Rb8 19. Nc2 Re8 20. Rac1 Be7
21. Nd4 Bc5 22. e3 c6 23. dxc6 Bxc6 24. Nxc6 Qxc6 25. Qc4 Rbc8 26. b4 Re5 27.
Qb3 Qe8 28. bxc5 Rexc5 29. Rxc5 Rxc5 30. Bxe4 g6 31. Bd5 Qd7 32. e4 h5 33. Qb2
Kh7 34. Qf6 Rc7 35. Bb3 Qc8 36. Rd8 Rc1+ 37. Kg2 1-0

[Event "Lichtenberger Sommer 2019"]
[Site "Berlin"]
[Date "2019.08.17"]
[Round "1.86"]
[White "Paris, Gerhard"]
[Black "Khojoyan, Martin"]
[Result "0-1"]
[WhiteElo "1384"]
[BlackElo "1850"]
[PlyCount "100"]
[EventDate "2019.??.??"]
[WhiteTeam "TSG Oberschöneweide"]
[BlackTeam "SV Motor Wildau"]

1. e4 e6 2. d4 d5 3. e5 c5 4. c3 Qb6 5. Nf3 Bd7 6. Bd3 Bb5 7. Bxb5+ Qxb5 8.
Nbd2 Nc6 9. Nb3 Rc8 10. a4 Qb6 11. O-O c4 12. Nbd2 Nge7 13. b4 cxb3 14. Qxb3
Qc7 15. Ba3 Na5 16. Qb5+ Nec6 17. Bxf8 Kxf8 18. Rfb1 g6 19. Qd3 Kg7 20. h4 Ne7
21. Ra3 b6 22. Qe3 h6 23. Qf4 Ng8 24. Qg3 Qe7 25. Rba1 Rc6 26. Ne1 Qc7 27. Nc2
Nc4 28. Nxc4 Rxc4 29. h5 Ne7 30. Qf3 Ng8 31. a5 b5 32. Rb3 a6 33. Rc1 Qe7 34.
Na3 Ra4 35. Nc2 Qg5 36. Rcb1 Qxh5 37. Qxh5 gxh5 38. Ra1 Rxa1+ 39. Nxa1 Ne7 40.
Rb4 Rc8 41. Rb3 Rc4 42. Nc2 Nc6 43. Ra3 b4 44. cxb4 Rxc2 45. b5 axb5 46. a6 Na7
47. Kf1 Rc4 48. Rg3+ Kh7 49. Rh3 Rxd4 50. Rxh5 Ra4 0-1

[Event "Lichtenberger Sommer 2019"]
[Site "Berlin"]
[Date "2019.08.17"]
[Round "1.87"]
[White "Schneider, Eckehard"]
[Black "Kultscher, Christian"]
[Result "1-0"]
[WhiteElo "1844"]
[BlackElo "1366"]
[PlyCount "101"]
[EventDate "2019.??.??"]
[WhiteTeam "SF 1903 Berlin"]
[BlackTeam "1. SC Anhalt"]

1. e4 c5 2. c3 e5 3. Nf3 Nc6 4. Bc4 Be7 5. O-O d6 6. d4 exd4 7. cxd4 Bg4 8. d5
Ne5 9. Be2 Nxf3+ 10. Bxf3 Bd7 11. Nc3 Nf6 12. Re1 O-O 13. e5 Ne8 14. e6 fxe6
15. dxe6 Bc6 16. Nd5 Nc7 17. Nxe7+ Qxe7 18. Bxc6 bxc6 19. Qg4 Nd5 20. Bg5 Nf6
21. Qf3 Rab8 22. Re2 h6 23. Bxf6 Rxf6 24. Qe3 d5 25. Qe5 Re8 26. Rae1 c4 27. f4
Qc5+ 28. Kf1 Re7 29. f5 Qb4 30. Rf2 Qb5 31. Kg1 Qa5 32. a3 Qd8 33. Rd1 Qc7 34.
Qc3 Qb6 35. Kf1 Rexe6 36. Rd4 Rd6 37. Rg4 Qc5 38. Qe5 Kh7 39. Qe7 Qxf2+ 40.
Kxf2 Rxf5+ 41. Ke2 Rg6 42. Rxg6 Kxg6 43. Qxa7 Re5+ 44. Kd2 Kf6 45. a4 Re4 46.
a5 d4 47. Qc5 d3 48. Qxc6+ Kf5 49. Qxe4+ Kxe4 50. a6 Kd4 51. a7 1-0

[Event "Lichtenberger Sommer 2019"]
[Site "Berlin"]
[Date "2019.08.17"]
[Round "1.88"]
[White "Direktor, Paul"]
[Black "Jeß, Arne"]
[Result "0-1"]
[WhiteElo "1350"]
[BlackElo "1842"]
[PlyCount "36"]
[EventDate "2019.??.??"]
[WhiteTeam "SK Neuburg"]
[BlackTeam "TSG Fredersdorf/Vogelsdorf"]

1. d4 d5 2. Bf4 c6 3. Nf3 Qb6 4. b3 Nf6 5. Qd3 g6 6. Be5 Bf5 7. Qe3 Nbd7 8. Na3
Qb4+ 9. Qd2 Qxa3 10. e3 Nxe5 11. dxe5 Qb2 12. Qd4 Qxd4 13. exd4 Ne4 14. c4 dxc4
15. Bxc4 Bh6 16. O-O Nd2 17. Nxd2 Bxd2 18. Rfd1 Bc3 0-1

[Event "Lichtenberger Sommer 2019"]
[Site "Berlin"]
[Date "2019.08.17"]
[Round "1.89"]
[White "Bode, Jan-Michael"]
[Black "Lange, Christoph"]
[Result "1-0"]
[WhiteElo "1841"]
[BlackElo "1306"]
[PlyCount "159"]
[EventDate "2019.??.??"]
[WhiteTeam "SW Lichtenrade"]
[BlackTeam "TSG Oberschöneweide"]

1. d4 d5 2. Bf4 Nf6 3. e3 e6 4. Nf3 c5 5. c3 cxd4 6. exd4 Bd6 7. Ne5 Nc6 8. Bb5
Bd7 9. Bxc6 Bxc6 10. O-O O-O 11. Nd2 Rc8 12. Qf3 Re8 13. Bg5 Be7 14. Rfe1 h6
15. Bh4 Rf8 16. Rad1 Bb5 17. h3 Rc7 18. Rc1 Bc6 19. Re3 b6 20. Rce1 Re8 21. Bg3
Bd6 22. b3 Bb7 23. Qe2 a5 24. Qb5 Rc8 25. Rf3 Be7 26. Bh4 Ra8 27. Qd3 Ba6 28.
Qe3 Rc8 29. Kh1 Bb7 30. Qe2 Ra8 31. Qd1 Rf8 32. Nf1 Rc8 33. Nh2 Ne4 34. Bxe7
Qxe7 35. Qc1 Nf6 36. Nhg4 Nxg4 37. Nxg4 Rc7 38. Rf6 Rfc8 39. Nxh6+ gxh6 40.
Qxh6 Qf8 41. Qf4 Qg7 42. Re5 Kf8 43. Rexe6 Re7 44. Qd6 Rce8 45. Rxe7 Rxe7 46.
Rf3 Bc8 47. Rg3 Qh7 48. Qxd5 Re1+ 49. Kh2 Qb1 50. Qd6+ Re7 51. Qd8+ Re8 52.
Rg8+ Kxg8 53. Qxe8+ Kg7 54. Qxc8 Qxa2 55. Qc4 Qxf2 56. d5 Qe1 57. Qd4+ f6 58.
d6 Qe8 59. d7 Qd8 60. Qd6 Kf7 61. g4 b5 62. Qd5+ Ke7 63. Qxb5 Qc7+ 64. Kg2 Qxc3
65. Qd5 Qc2+ 66. Kg3 Qc3+ 67. Kf4 Qc1+ 68. Kf5 Qg5+ 69. Ke4 Qxd5+ 70. Kxd5 Kxd7
71. h4 Ke7 72. h5 Kf7 73. Kd6 Kg7 74. Ke6 Kh6 75. Kxf6 Kh7 76. g5 Kh8 77. Kf7
Kh7 78. g6+ Kh8 79. g7+ Kh7 80. g8=Q+ 1-0

[Event "Lichtenberger Sommer 2019"]
[Site "Berlin"]
[Date "2019.08.17"]
[Round "1.90"]
[White "Morczynski, Ryszard"]
[Black "Casny, Guenter"]
[Result "0-1"]
[WhiteElo "1304"]
[BlackElo "1841"]
[PlyCount "162"]
[EventDate "2019.??.??"]
[WhiteTeam "SK Zehlendorf"]
[BlackTeam "SC Rochade (Berlin)"]

1. e4 g6 2. d4 Bg7 3. Nf3 d6 4. c4 Nd7 5. Nc3 c6 6. Bd2 a6 7. Qc1 Rb8 8. Be2 e5
9. d5 c5 10. O-O Nb6 11. b3 Ne7 12. Ne1 O-O 13. Bh6 f5 14. Bxg7 Kxg7 15. Nf3 h6
16. h3 Qc7 17. Nh2 Ng8 18. exf5 gxf5 19. Bh5 Qe7 20. Qc2 Qg5 21. Be2 Bd7 22.
Nf3 Qf6 23. Rae1 Nc8 24. Nh2 Nce7 25. g3 Ng6 26. Bh5 Rbe8 27. Bxg6 Qxg6 28. Na4
Bxa4 29. bxa4 Nf6 30. Nf3 Ne4 31. Kh2 Rf7 32. Rg1 Kh8 33. g4 Qh7 34. g5 Nxg5
35. Nxg5 hxg5 36. Rxg5 Rg8 37. Reg1 Rfg7 38. Rxg7 Rxg7 39. Rxg7 Kxg7 40. f3 Qg6
41. Qg2 a5 42. Qxg6+ Kxg6 43. Kg3 Kh5 44. Kf2 Kg5 45. Kg3 Kh5 46. h4 f4+ 47.
Kh3 Kh6 48. Kg4 Kg6 49. h5+ Kf6 50. a3 b6 51. h6 Kg6 52. h7 Kxh7 53. Kf5 Kg7
54. Kg5 Kf7 55. Kf5 Ke7 56. Kg5 Kd7 57. Kf5 Kc7 58. Kg5 Kd8 59. Kf5 Ke7 60. Kg5
Kf7 61. Kf5 Kg7 62. Kg5 Kh7 63. Kf5 Kh6 64. Ke6 e4 65. Kxd6 e3 66. Kc6 e2 67.
d6 e1=Q 68. d7 Qe6+ 69. Kc7 Qe7 70. Kc8 Kg5 71. d8=Q Qxd8+ 72. Kxd8 Kh4 73. Kc7
Kg3 74. Kxb6 Kxf3 75. Kxa5 Ke3 76. Kb5 f3 77. a5 f2 78. a6 f1=Q 79. a7 Qf8 80.
Kb6 Qa8 81. a4 Kd4 0-1

[Event "Lichtenberger Sommer 2019"]
[Site "Berlin"]
[Date "2019.08.17"]
[Round "1.91"]
[White "Beyer, Nils"]
[Black "Dittrich, Hans-Jürgen"]
[Result "1-0"]
[WhiteElo "1832"]
[BlackElo "1284"]
[PlyCount "69"]
[EventDate "2019.??.??"]
[WhiteTeam "TG Wehlheiden"]
[BlackTeam "SC Eintracht Berlin"]

1. d4 d5 2. c4 dxc4 3. e3 e6 4. Bxc4 Bb4+ 5. Nc3 Nf6 6. a3 Bxc3+ 7. bxc3 c5 8.
Nf3 Nc6 9. O-O a6 10. a4 Qa5 11. Qc2 b5 12. Be2 Rb8 13. Bd2 Qc7 14. axb5 axb5
15. Rfb1 c4 16. e4 h6 17. g3 O-O 18. Bf4 e5 19. Nxe5 g5 20. Nxc6 gxf4 21. Nxb8
fxg3 22. hxg3 Qxb8 23. Bxc4 Bh3 24. Rxb5 Qc8 25. Rc5 Qg4 26. Be2 Qxe4 27. Qxe4
Nxe4 28. Rc6 Kg7 29. Bf3 Nd2 30. Bg2 Be6 31. d5 Bd7 32. Rc7 Rd8 33. Raa7 Be8
34. Rab7 Ra8 35. d6 1-0

[Event "Lichtenberger Sommer 2019"]
[Site "Berlin"]
[Date "2019.08.17"]
[Round "1.92"]
[White "Hildebrandt, Tom"]
[Black "Bergmann, Jens"]
[Result "1/2-1/2"]
[WhiteElo "1200"]
[BlackElo "1829"]
[PlyCount "66"]
[EventDate "2019.??.??"]
[BlackTeam "SK Tempelhof 1931"]

1. c4 c5 2. Nc3 Nc6 3. Nf3 Nf6 4. d4 cxd4 5. Nxd4 g6 6. g3 Bg7 7. Bg2 O-O 8.
O-O Qa5 9. Nb3 Qb4 10. Nd2 Ne5 11. Nd5 Nxd5 12. cxd5 d6 13. a3 Qb6 14. Nf3 Bd7
15. Rb1 Nc4 16. b4 a5 17. Nd2 Nxd2 18. Bxd2 a4 19. e4 Rfc8 20. Be3 Qa6 21. Qd2
Rc3 22. Rfc1 Rac8 23. Bf1 Bb5 24. Bxb5 Qxb5 25. Rxc3 Rxc3 26. Rc1 Qc4 27. Rxc3
Qxc3 28. Qxc3 Bxc3 29. Bc1 e6 30. Kf1 exd5 31. exd5 h5 32. Ke2 f5 33. f4 Kf7
1/2-1/2

[Event "Lichtenberger Sommer 2019"]
[Site "Berlin"]
[Date "2019.08.18"]
[Round "2.1"]
[White "Schabe, Felix"]
[Black "Stern, René"]
[Result "0-1"]
[WhiteElo "1984"]
[BlackElo "2515"]
[PlyCount "66"]
[EventDate "2019.??.??"]
[WhiteTeam "SV Empor Berlin"]
[BlackTeam "SK König Tegel"]

1. Nf3 d5 2. g3 Bg4 3. Bg2 c6 4. d3 Nf6 5. b3 Nbd7 6. Bb2 e6 7. Nbd2 Bd6 8. e4
Qe7 9. Qe2 Ba3 10. Bxa3 Qxa3 11. Qe3 Bxf3 12. Bxf3 O-O 13. O-O Rfd8 14. e5 Ne8
15. c3 a5 16. d4 Nc7 17. Be2 c5 18. Qg5 cxd4 19. cxd4 h6 20. Qh4 Nf8 21. Rfc1
Na6 22. Bxa6 Ng6 23. Qg4 Rxa6 24. Rc2 Rc6 25. Rxc6 bxc6 26. Qd1 c5 27. Nf3 cxd4
28. Qxd4 Rc8 29. h4 Rc2 30. h5 Nf8 31. Kg2 Rxa2 32. Rb1 Nd7 33. Qa7 Qc5 0-1

[Event "Lichtenberger Sommer 2019"]
[Site "Berlin"]
[Date "2019.08.18"]
[Round "2.2"]
[White "Ahmadinia, Ebrahim"]
[Black "Guenther, Thomas"]
[Result "1-0"]
[WhiteElo "2453"]
[BlackElo "1985"]
[PlyCount "69"]
[EventDate "2019.??.??"]
[WhiteTeam "SF 1903 Berlin"]

1. e4 c5 2. Nf3 Nc6 3. Bb5 d6 4. O-O Bd7 5. Re1 Nf6 6. c3 a6 7. Bf1 Bg4 8. h3
Bxf3 9. Qxf3 g6 10. d3 Bg7 11. Be3 O-O 12. Nd2 Rc8 13. Qd1 e5 14. Nf3 b6 15.
Qa4 Nb8 16. Rad1 Qc7 17. Bg5 h6 18. Bh4 Nh5 19. d4 b5 20. Qa3 g5 21. g4 Nf4 22.
Bg3 Rfd8 23. Bxf4 exf4 24. Qb3 Nc6 25. a3 Qb6 26. dxc5 dxc5 27. Rd5 Ne7 28.
Rxd8+ Rxd8 29. a4 Rb8 30. axb5 axb5 31. e5 c4 32. Qc2 Ng6 33. e6 Re8 34. exf7+
Kxf7 35. Qf5+ 1-0

[Event "Lichtenberger Sommer 2019"]
[Site "Berlin"]
[Date "2019.08.18"]
[Round "2.3"]
[White "Rogozenco, Teodora"]
[Black "Thinius, Marco"]
[Result "0-1"]
[WhiteElo "1974"]
[BlackElo "2404"]
[PlyCount "42"]
[EventDate "2019.??.??"]
[WhiteTeam "Hamburger SK"]
[BlackTeam "SV Empor Berlin"]

1. d4 Nf6 2. c4 e6 3. Nc3 Bb4 4. Qc2 d5 5. cxd5 exd5 6. Bg5 h6 7. Bxf6 Qxf6 8.
e3 O-O 9. Bd3 c5 10. Nf3 Nc6 11. O-O cxd4 12. Nxd5 Qd6 13. e4 Be6 14. a3 Ba5
15. Rfd1 Rac8 16. Qb3 Bb6 17. Qb5 Bxd5 18. Qxd5 Qxd5 19. exd5 Ne7 20. Be4 Rfd8
21. Nxd4 Rc4 0-1

[Event "Lichtenberger Sommer 2019"]
[Site "Berlin"]
[Date "2019.08.18"]
[Round "2.4"]
[White "Figura, Atila Gajo"]
[Black "Nöldner, Julian"]
[Result "1-0"]
[WhiteElo "2394"]
[BlackElo "1975"]
[PlyCount "29"]
[EventDate "2019.??.??"]
[WhiteTeam "SK Zehlendorf"]
[BlackTeam "SV Empor Berlin"]

1. d4 Nf6 2. Nf3 g6 3. g3 Bg7 4. Bg2 O-O 5. O-O d5 6. c4 c6 7. cxd5 cxd5 8. Ne5
Ng4 9. f4 Nc6 10. Nc3 Qb6 11. e3 Ngxe5 12. Nxd5 Qa5 13. fxe5 Rd8 14. Bd2 Qb5
15. Nc7 1-0

[Event "Lichtenberger Sommer 2019"]
[Site "Berlin"]
[Date "2019.08.18"]
[Round "2.5"]
[White "Schulz, Olaf"]
[Black "Ortmann, David"]
[Result "0-1"]
[WhiteElo "1957"]
[BlackElo "2340"]
[PlyCount "84"]
[EventDate "2019.??.??"]
[BlackTeam "SC Böblingen"]

1. d4 d5 2. Nf3 Nf6 3. Bf4 c5 4. e3 Nc6 5. c3 Qb6 6. Qc2 g6 7. Nbd2 Bg7 8. dxc5
Qxc5 9. Rd1 O-O 10. Nb3 Qb6 11. Be2 Bf5 12. Bd3 Bg4 13. h3 Bxf3 14. gxf3 e5 15.
Bg5 Rac8 16. Qd2 a5 17. f4 a4 18. Nc1 Ne4 19. Bxe4 dxe4 20. Ne2 f6 21. Bh4 exf4
22. exf4 Rfd8 23. Qc2 Rxd1+ 24. Qxd1 Qxb2 25. Qxa4 Qb1+ 26. Qd1 Qxa2 27. O-O
Rd8 28. Qe1 Qe6 29. Kh2 Rd3 30. Ng3 f5 31. Qa1 Bxc3 32. Qa8+ Kf7 33. Qxb7+ Rd7
34. Qc8 Bg7 35. Kg2 Nd4 36. Bd8 Rd5 37. Qb7+ Qd7 38. Rb1 Ne6 39. Bg5 h6 40. Qa8
Nc7 41. Qb7 hxg5 42. Rc1 Ne6 0-1

[Event "Lichtenberger Sommer 2019"]
[Site "Berlin"]
[Date "2019.08.18"]
[Round "2.6"]
[White "Rosmann, Ilja"]
[Black "Kutschke, Jens"]
[Result "1-0"]
[WhiteElo "2323"]
[BlackElo "1953"]
[PlyCount "69"]
[EventDate "2019.??.??"]
[WhiteTeam "Königsspringer SC 1984"]
[BlackTeam "SF 1903 Berlin"]

1. e4 c5 2. Nf3 d6 3. c3 Nf6 4. h3 Nc6 5. Bd3 g6 6. O-O Bg7 7. Bc2 O-O 8. d4 b6
9. d5 Ne5 10. Nxe5 dxe5 11. f4 exf4 12. Bxf4 Nd7 13. Qf3 Ba6 14. Re1 e6 15. a4
exd5 16. exd5 c4 17. Na3 Nc5 18. Rad1 Qd7 19. d6 Rae8 20. Re7 Rxe7 21. dxe7
Qxe7 22. Bd6 Qe8 23. Rf1 Bb7 24. Qf2 Bh6 25. Nxc4 Bd5 26. Ne5 Nxa4 27. Ng4 Bg7
28. Bxf8 Kxf8 29. Nf6 Bxf6 30. Qxf6 Nxb2 31. Qh8+ Ke7 32. Qe5+ Be6 33. Qf6+ Kd7
34. Rb1 Nc4 35. Ba4+ 1-0

[Event "Lichtenberger Sommer 2019"]
[Site "Berlin"]
[Date "2019.08.18"]
[Round "2.7"]
[White "Schmidt, Fabian"]
[Black "Barseghyan, Armen Ar"]
[Result "0-1"]
[WhiteElo "1952"]
[BlackElo "2313"]
[PlyCount "76"]
[EventDate "2019.??.??"]
[WhiteTeam "Königsjäger Süd-West"]

1. e4 c5 2. Nf3 Nc6 3. Bb5 g6 4. Bxc6 dxc6 5. d3 Bg7 6. O-O Nf6 7. Re1 Nd7 8.
a4 e5 9. Na3 Nf8 10. Nc4 Qc7 11. a5 Ne6 12. Bd2 O-O 13. h3 Bd7 14. Qc1 b5 15.
axb6 axb6 16. b4 b5 17. Ne3 Nd4 18. Nh2 f5 19. Rxa8 Rxa8 20. exf5 gxf5 21. Qb2
f4 22. Nef1 Be6 23. c3 Ra2 24. Qb1 Nc2 25. c4 Nxe1 26. Qxa2 Nxd3 27. Qa8+ Qc8
28. Qxc8+ Bxc8 29. bxc5 b4 30. Nf3 e4 31. Ne1 b3 32. Nxd3 exd3 33. Bb4 b2 34.
Nd2 f3 35. g4 Be6 36. Kf1 Bxc4 37. Ke1 Ba2 38. Kd1 Bd4 0-1

[Event "Lichtenberger Sommer 2019"]
[Site "Berlin"]
[Date "2019.08.18"]
[Round "2.8"]
[White "Nötzel, Felix"]
[Black "Patzenhauer, Max"]
[Result "1-0"]
[WhiteElo "2262"]
[BlackElo "1945"]
[PlyCount "71"]
[EventDate "2019.??.??"]
[WhiteTeam "SF 1903 Berlin"]
[BlackTeam "SV Motor Wildau"]

1. e4 e6 2. d4 d5 3. Nd2 c5 4. c3 Nc6 5. Ngf3 Nf6 6. Bd3 dxe4 7. Nxe4 cxd4 8.
cxd4 Bb4+ 9. Nc3 Bd7 10. O-O Qb6 11. Bc2 Ne7 12. Ne5 Bc6 13. a3 Bd6 14. Re1
Nfd5 15. Ne4 Bc7 16. Nc4 Qa6 17. Ncd6+ Kf8 18. Nc5 Qb6 19. Nc4 Qb5 20. Bd3 Nf4
21. Nd6 Qxd3 22. Nxd3 Nxd3 23. Qxd3 Bxd6 24. Bd2 Nd5 25. Rac1 Rd8 26. b4 a6 27.
Rxc6 bxc6 28. Qxa6 Ne7 29. a4 g6 30. Bh6+ Kg8 31. Qc4 Nf5 32. Bg5 Rb8 33. Bf6
Rxb4 34. Qxc6 Nxd4 35. Qxd6 Ne2+ 36. Kf1 1-0

[Event "Lichtenberger Sommer 2019"]
[Site "Berlin"]
[Date "2019.08.18"]
[Round "2.9"]
[White "Petersen, Soren Boeck"]
[Black "Schubert, Joachim"]
[Result "1-0"]
[WhiteElo "2218"]
[BlackElo "1923"]
[PlyCount "65"]
[EventDate "2019.??.??"]
[WhiteTeam "Damhus Skakklub"]
[BlackTeam "SC Friesen Lichtenberg"]

1. e4 c5 2. c3 e6 3. d4 d5 4. e5 Nc6 5. Nf3 cxd4 6. cxd4 Bb4+ 7. Nc3 Nge7 8.
Bd3 Bd7 9. O-O g6 10. Bg5 Qa5 11. Bf6 Rg8 12. Ne2 Nf5 13. g4 Ng7 14. Qc1 h5 15.
h3 Bf8 16. Qh6 Ne7 17. Rac1 Bc6 18. Ng5 hxg4 19. hxg4 Qd2 20. Rfd1 Qxb2 21. Qh7
Kd7 22. Nxf7 Ngf5 23. gxf5 gxf5+ 24. Kf1 Rg6 25. Rb1 Qa3 26. Bxe7 Rg7 27. Qxg7
Qxe7 28. Qf6 Qe8 29. Nf4 Rc8 30. Nd6 Bxd6 31. exd6 Kxd6 32. Qe5+ Kd7 33. Nxe6
1-0

[Event "Lichtenberger Sommer 2019"]
[Site "Berlin"]
[Date "2019.08.18"]
[Round "2.10"]
[White "Matitschka, Heinz"]
[Black "Neffe, Axel"]
[Result "0-1"]
[WhiteElo "1930"]
[BlackElo "2198"]
[PlyCount "122"]
[EventDate "2019.??.??"]
[WhiteTeam "TSG Oberschöneweide"]
[BlackTeam "SF Hamburg"]

1. d4 Nf6 2. c4 c5 3. d5 e6 4. Nc3 exd5 5. cxd5 d6 6. e4 g6 7. Bd3 Bg7 8. h3
O-O 9. Nf3 Nh5 10. Bg5 Bf6 11. Be3 Nd7 12. O-O Re8 13. Qd2 a6 14. a4 Ne5 15.
Be2 Nxf3+ 16. Bxf3 Ng7 17. Bf4 Rb8 18. Ra2 Qe7 19. Ne2 Be5 20. Bxe5 Qxe5 21.
Qc3 f5 22. Ng3 b6 23. Rc1 a5 24. b3 Qxc3 25. Rxc3 Kf7 26. Re2 f4 27. Nf1 Ba6
28. Re1 Bxf1 29. Kxf1 Kf6 30. Bd1 Ke5 31. Bc2 Rf8 32. Ke2 Ne8 33. g3 Nc7 34.
Rg1 b5 35. gxf4+ Rxf4 36. Rg5+ Kf6 37. Rg4 g5 38. e5+ Ke7 39. exd6+ Kxd6 40.
Rxg5 bxa4 41. bxa4 Rb2 42. Ke3 Rh4 43. Kd2 Rd4+ 44. Kc1 Rbb4 45. Rh5 Rh4 46.
Rxh4 Rxh4 47. Bb3 Nxd5 48. Bxd5 Kxd5 49. Rd3+ Kc4 50. Kd2 Rd4 51. Rxd4+ Kxd4
52. Kc2 h5 53. f4 Ke4 54. Kc3 Kxf4 55. Kc4 Kg3 56. Kxc5 Kxh3 57. Kb5 Kg4 58.
Kxa5 h4 59. Kb6 h3 60. a5 h2 61. a6 h1=Q 0-1

[Event "Lichtenberger Sommer 2019"]
[Site "Berlin"]
[Date "2019.08.18"]
[Round "2.11"]
[White "Hesse, Henrik"]
[Black "Scheide, Helmut"]
[Result "1-0"]
[WhiteElo "2185"]
[BlackElo "1921"]
[PlyCount "93"]
[EventDate "2019.??.??"]
[WhiteTeam "SV Mattnetz Berlin"]
[BlackTeam "USV Potsdam"]

1. c4 Nf6 2. g3 e6 3. Bg2 d5 4. Nf3 Be7 5. O-O O-O 6. d4 Nbd7 7. Bf4 dxc4 8.
Qc2 Nd5 9. Qxc4 Nxf4 10. gxf4 Bd6 11. e3 Nb6 12. Qc2 Nd5 13. Nc3 c6 14. a3 f6
15. b4 a5 16. b5 Nxc3 17. Qxc3 cxb5 18. Qb3 Qe8 19. Nd2 a4 20. Qa2 Kh8 21. Ne4
Qe7 22. Rfb1 Bd7 23. Bf1 e5 24. Qd5 Bb8 25. Bxb5 Bf5 26. Bd3 Qf7 27. Qxf7 Rxf7
28. dxe5 fxe5 29. Ng5 Rf8 30. Bxf5 Rxf5 31. Rb5 h6 32. Nf3 Rf6 33. Nxe5 Bxe5
34. fxe5 Rg6+ 35. Kf1 Rc8 36. Ra2 b6 37. Ke2 Rg2 38. e6 Rxh2 39. Rxb6 Re8 40.
Rc2 Rh5 41. Rc7 Re5 42. Rbb7 R5xe6 43. Rxg7 Rc6 44. Rh7+ Kg8 45. Rbg7+ Kf8 46.
Rc7 Rb6 47. Rh8# 1-0

[Event "Lichtenberger Sommer 2019"]
[Site "Berlin"]
[Date "2019.08.18"]
[Round "2.12"]
[White "Metzinger, Hannes"]
[Black "Möller, Dustin"]
[Result "1-0"]
[WhiteElo "1917"]
[BlackElo "2178"]
[PlyCount "59"]
[EventDate "2019.??.??"]
[WhiteTeam "SK Ottenau"]
[BlackTeam "Eckernförder SC"]

1. e4 c6 2. c4 d5 3. cxd5 cxd5 4. exd5 Nf6 5. Nc3 Nxd5 6. Nf3 a6 7. Bc4 Nb6 8.
Bb3 g6 9. Ne5 e6 10. Qf3 Qe7 11. d4 Bg7 12. Bf4 O-O 13. O-O-O a5 14. h4 a4 15.
Bc2 a3 16. b3 Na6 17. h5 g5 18. h6 Bxe5 19. dxe5 f5 20. Qg3 g4 21. Rh5 Bd7 22.
Rg5+ Kh8 23. Rg7 Rf7 24. Bg5 Qe8 25. Qe3 Rc8 26. Qxb6 Rxc3 27. Qxb7 Nc5 28. Qb4
Ne4 29. Rxf7 Qxf7 30. Rxd7 1-0

[Event "Lichtenberger Sommer 2019"]
[Site "Berlin"]
[Date "2019.08.18"]
[Round "2.13"]
[White "Kohler, Thomas"]
[Black "Verbitsky, Jaroslaw"]
[Result "1-0"]
[WhiteElo "2178"]
[BlackElo "1917"]
[PlyCount "49"]
[EventDate "2019.??.??"]
[WhiteTeam "SC Zitadelle Spandau"]
[BlackTeam "SV Mattnetz Berlin"]

1. g3 g6 2. Bg2 c5 3. c4 Nc6 4. Nc3 Bg7 5. e3 e6 6. Nge2 Nge7 7. d4 cxd4 8.
Nxd4 Nxd4 9. exd4 d5 10. cxd5 Nxd5 11. Nxd5 exd5 12. Qa4+ Qd7 13. Qxd7+ Bxd7
14. Bxd5 Bxd4 15. O-O Bc6 16. Bxc6+ bxc6 17. Re1+ Kf8 18. Re4 Rd8 19. Bh6+ Bg7
20. Bg5 Re8 21. Rc4 Bxb2 22. Rb1 h6 23. Be3 Be5 24. Rxc6 Ra8 25. f4 1-0

[Event "Lichtenberger Sommer 2019"]
[Site "Berlin"]
[Date "2019.08.18"]
[Round "2.14"]
[White "Bender, Sebastian"]
[Black "Hermannsdörfer, Frank"]
[Result "0-1"]
[WhiteElo "1911"]
[BlackElo "2177"]
[PlyCount "88"]
[EventDate "2019.??.??"]
[WhiteTeam "SC Zugzwang 95 (Berlin)"]
[BlackTeam "SV Liebschwitz"]

1. e4 d6 2. d4 Nf6 3. Nc3 e5 4. Nf3 exd4 5. Nxd4 Be7 6. Bf4 O-O 7. Qd2 d5 8.
Ndb5 Bb4 9. exd5 Re8+ 10. Be2 Ne4 11. Qd3 Qf6 12. Qf3 Nxc3 13. Nxc3 Bxc3+ 14.
bxc3 Bg4 15. Qxg4 Qxc3+ 16. Kd1 Qxa1+ 17. Bc1 Na6 18. h4 Nc5 19. Rh3 Ne4 20.
Qf3 Rad8 21. c4 c6 22. Kc2 Qxa2+ 23. Bb2 Qa4+ 24. Kc1 cxd5 25. Qg4 d4 26. Rf3
Nc3 27. Rxc3 dxc3 28. Bxc3 g6 29. h5 Qb3 30. Bf6 Rxe2 31. Qxe2 Qd3 32. Qg4 Qd2+
33. Kb1 Qd1+ 34. Qxd1 Rxd1+ 35. Kc2 Rd6 36. Be5 Rc6 37. hxg6 fxg6 38. Kb3 Kf7
39. Bd4 a6 40. Kb4 Ke6 41. g3 Kf5 42. Be3 Ke4 43. c5 Kd5 44. g4 h5 0-1